American communication in a global society
Na minha lista:
| Autor principal: | |
|---|---|
| Formato: | Livro |
| Idioma: | inglês |
| Publicado em: |
Norwood
Ablex Publishing Corporation
1987
|
| Edição: | Rev. ed. |
| Assuntos: | |
| Tags: |
Sem tags, seja o primeiro a adicionar uma tag!
|
MARC
| LEADER | 00000nam a2200000 4500 | ||
|---|---|---|---|
| 001 | c100676 | ||
| 005 | 20221219115451.3 | ||
| 020 | |a 0-89391-353-7 | ||
| 041 | 0 | |a eng | |
| 044 | |a US | ||
| 245 | 1 | 0 | |a American communication in a global society |c Glen Fisher |
| 250 | |a Rev. ed. | ||
| 264 | 1 | |a Norwood |b Ablex Publishing Corporation |c 1987 | |
| 300 | |a 171 s. | ||
| 610 | 2 | 0 | |a komunikácia |
| 610 | 2 | 0 | |a komunikácia manažérska |
| 610 | 2 | 0 | |a komunikácia marketingová |
| 610 | 2 | 0 | |a komunikácia masová |
| 610 | 2 | 0 | |a komunikácia sociálna |
| 610 | 2 | 0 | |a kultúra |
| 610 | 2 | 0 | |a jazyky cudzie |
| 610 | 2 | 0 | |a jazyk štátny |
| 610 | 2 | 0 | |a USA |
| 610 | 2 | 0 | |a svet |
| 610 | 2 | 0 | |a pluralizmus |
| 610 | 2 | 0 | |a ideológia |
| 610 | 2 | 0 | |a diplomacia |
| 610 | 2 | 0 | |a spoločnosť globálna |
| 100 | 1 | |a Fisher, Glen | |